000 00487 a2200181 4500
001 130176
022 _a1679-656X
040 _cLeonardo Da Vinci
041 _aPortuguês
082 _aOCU 2010
_b2010
245 _aO Correio da Unesco 23
260 _bFGV
_cJan. 1995
_aRio de Janeiro
300 _a41
362 _a20100514
490 _aO Correio da Unesco
_v23
697 _aLiberdade
_aVidas silenciosas
_aEntre a terra e o mar
_aEternos viajantes
_aÁfrica
_aGhemat
942 _cCR
999 _c130176
_d130176